Siyasetten portreler / (Record no. 12659)

MARC details
000 -BAŞLIK
Sabit Uzunlukta Kontrol Alanı 00535nam a22001937a 4500
999 ## - SİSTEM KONTROL NUMARALARI (KOHA)
Koha Biblionumber 12659
Koha Biblioitemnumber 12659
003 - KONTROL NUMARASI IDENTIFIER
Denetim Alanı MIRAKIL
005 - SON İŞLEM TARİHİ VE ZAMANI
Denetim Alanı 20211214000606.0
008 - SABİT-BOY VERİ ELEMANLARI - GENEL BİLGİLER
Sabit Uzunlukta Kontrol Alanı 190204b tu ||||| |||| 00| 0 tur d
020 ## - ULUSLARARASI STANDART KİTAP NUMARASI
Uluslararası Standart Kitap Numarası 9754510199
040 ## - KATALOGLAMA KAYNAK
Orijinal Kataloglama Ajansı TR-AnCHP
Metne Dönüştürmek Ajansı TR-AnCHP
041 ## - DİL KODU
Metin / Ses Parça Veya Ayrı Başlığın Dil Kodu tur
082 ## - DEWEY ONLU SINIFLANDIRMA NUMARASI
Sınıflandırma Numarası 320.9561
Ürün Numarası T86s 1991
100 1# - ANA GİRİŞ - KİŞİSEL İSİM
Kişisel Ad Turgut, Mehmet,
Bir Adıyla İlişkilendirilen Tarihler 1929-
245 10 - BAŞLIK TABLOSU
Başlık Siyasetten portreler /
Sorumluluk Tablosu, Vb Mehmet Turgut.
260 ## - YAYIN, DAĞITIM, VB
Yayın, Dağıtım, Vb Yeri İstanbul :
Yayıncı, Dağıtıcı, Vs Adı Boğaziçi Yayınları,
Yayın, Dağıtım, Vb Tarihi 1991.
300 ## - FİZİKSEL TANIM
Kapsam 634 s.;
Boyutlar 24 sm.
650 #0 - KONU KATMA GİRİŞ - TOPİKAL DÖNEM
Topikal Süreli Veya Coğrafi Ad Giriş Elemanı Siyaset ve yönetim
Genel Alt Bölümü Türkiye
9 (RLIN) 9
942 ## - EKLENDİ GİRİŞ ELEMANLARI (KOHA)
Sınıflandırma Veya Raf Düzeni Kaynak Library of Congress Classification
Koha Öğesi Türü Books
Holdings
Kalıcı Konum Mevcut Konum Edinme Tarihi Edinim Kaynak Toplam Check-Out'Lar Tam Çağrı Numarası Barkod Tarih Son Görülme İtibaren Geçerli Fiyatlar Sigara Kamu Notu Koha Öğesi Türü
CHP Kütüphanesi CHP Kütüphanesi 02/04/2019 Bağış   320.9561 T86s 1991 018767 02/04/2019 02/04/2019 Ertuğrul Çepni bağışıdır. Books